000 00525nam a2200169 a 4500
001 000029425
005 20200930055536.0
008 110415s1974 dr a 000 0 spa d
040 _aDO-SdBNP
_bspa
_cBNPHU
082 _axxx
_bM815c
245 0 1 _aMonumentos coloniales de Santo Domingo.
260 _aSanto Domingo :
_bCírculo de Coleccionistas, Fundación Dominicana de Desarrollo,
_c1974.
300 _a[22] p. :
_bil. ;
_c28 cm.
500 _aTítulo de la cubierta.
504 _aBibliografía : p. [7]
049 _aBNPD
999 _c28917
_d28917